| 000 | 00471nam a22001577a 4500 | ||
|---|---|---|---|
| 003 | OSt | ||
| 005 | 20150915112925.0 | ||
| 008 | 150915b xxu||||| |||| 00| 0 eng d | ||
| 040 | _cRUA | ||
| 082 | _aAGR CHA 1999 B024 Or.1 | ||
| 100 |
_9510 _aCHAN, PORN. |
||
| 245 | _aContribution to study on jasmine វិភាគទានសិក្សាអំពីផ្កាម្លិះ | ||
| 260 |
_aPhnom Penh _bRUA _c1999 |
||
| 300 |
_a36p. _bill. _c29cm. |
||
| 942 |
_2ddc _cAGR |
||
| 999 |
_c488 _d488 |
||